L'incestuel (notice n° 1667178)
[ vue normale ]
| 000 -LEADER | |
|---|---|
| fixed length control field | 00961cam a2200205 4500500 |
| 005 - DATE AND TIME OF LATEST TRANSACTION | |
| control field | 20260222003209.0 |
| 041 ## - LANGUAGE CODE | |
| Language code of text/sound track or separate title | fre |
| 042 ## - AUTHENTICATION CODE | |
| Authentication code | dc |
| 100 10 - MAIN ENTRY--PERSONAL NAME | |
| Personal name | Racamier, Paul-Claude |
| Relator term | author |
| 245 00 - TITLE STATEMENT | |
| Title | L'incestuel |
| 260 ## - PUBLICATION, DISTRIBUTION, ETC. | |
| Date of publication, distribution, etc. | 2006.<br/> |
| 500 ## - GENERAL NOTE | |
| General note | 85 |
| 520 ## - SUMMARY, ETC. | |
| Summary, etc. | Résumé« Incestuel » qualifie ce qui dans la vie psychique individuelle et familiale porte l’empreinte de l’inceste non fantasmé, sans qu’en soient nécessairement accomplies les formes génitales. L’incestuel est en quelque sorte pris en tenaille entre l’inceste fantasmé et l’inceste génitalement accompli. Son aire, singulière, est spécifique (et plutôt que d’une aire, faudra-t-il parler d’une faille). |
| 690 ## - LOCAL SUBJECT ADDED ENTRY--TOPICAL TERM (OCLC, RLIN) | |
| Topical term or geographic name as entry element | agir |
| 690 ## - LOCAL SUBJECT ADDED ENTRY--TOPICAL TERM (OCLC, RLIN) | |
| Topical term or geographic name as entry element | famille |
| 690 ## - LOCAL SUBJECT ADDED ENTRY--TOPICAL TERM (OCLC, RLIN) | |
| Topical term or geographic name as entry element | non-dit |
| 690 ## - LOCAL SUBJECT ADDED ENTRY--TOPICAL TERM (OCLC, RLIN) | |
| Topical term or geographic name as entry element | transgression |
| 786 0# - DATA SOURCE ENTRY | |
| Note | Empan | 62 | 2 | 2006-06-15 | p. 39-46 | 1152-3336 |
| 856 41 - ELECTRONIC LOCATION AND ACCESS | |
| Uniform Resource Identifier | <a href="https://shs.cairn.info/revue-empan-2006-2-page-39?lang=fr&redirect-ssocas=7080">https://shs.cairn.info/revue-empan-2006-2-page-39?lang=fr&redirect-ssocas=7080</a> |
Pas d'exemplaire disponible.




Réseaux sociaux